000 00844nam a22002177a 4500
999 _c6771
_d6771
003 AR-CdUCM
008 190319b ||||| |||| 00| 0 eng d
040 _aMUNICIPALIDAD PROVINCIAL DEL CUSCO
_cBIBLIOTECA MUNICIPAL DEL CUSCO
082 _a709 /
_bP56
100 _aPijoán, José
_918769
245 _aSumma Artis, Historia general del arte :
_bRenacimiento romano y veneciano siglo XVI /
260 _aMadrid
_bEspasa-Calpe, S.A.,
_c1951.
300 _a714 páginas ;
_bIlustraciones en color y b/n.
_c27 cm.
505 _a¿Que fué el renacimiento? -- Bramante -- Rafael como arquitecto -- Baldassare Peruzzi y los Sangallo -- El templo de San Pedro,en el Vaticano...
650 _aHistoria del Arte
_91647
650 _aPintura
_93081
650 _aArte
_9561
650 _aRenacimiento
_95856
942 _2ddc
_cLIBROS
945 _admma